| 000 | 01068nam a22003378i 4500 | ||
|---|---|---|---|
| 999 |
_c29338 _d29309 |
||
| 001 | 018463898 | ||
| 003 | EG-ScBUE | ||
| 005 | 20210808130055.0 | ||
| 008 | 170731s2017 enk f bd 000 0 eng d | ||
| 020 | _a9781912127764 | ||
| 040 |
_aStDuBDS _beng _erda _cStDuBDS _dEG-ScBUE |
||
| 082 | 0 | 4 |
_a305.4201 _bSMI _222 |
| 100 | 1 |
_aSmith-Laing, Tim, _d1985- _eauthor. |
|
| 245 | 1 | 0 |
_aJudith Butler's : _bGender trouble / _cTim Smith-Laing. |
| 246 | 3 | 4 |
_aJudith Butler's : _bGender trouble : a macat analysis |
| 264 | 1 |
_aLondon : _bRoutledge, _c2017. |
|
| 300 |
_a95 pages ; _c18 cm. |
||
| 336 |
_atext _2rdacontent _btxt |
||
| 337 |
_acomputer _2rdamedia _bn |
||
| 338 |
_aonline resource _2rdacarrier _bnc |
||
| 490 | 0 | _aMacat library | |
| 500 | _aIncludes glossary. | ||
| 504 | _aIncludes bibliographical references. | ||
| 600 | 1 | 7 |
_aButler, Judith, _d1956- _tGender trouble. _2BUEsh |
| 650 | 7 |
_aFeminist theory. _2BUEsh |
|
| 650 | 7 |
_aSex role. _2BUEsh |
|
| 653 |
_bGGEN _cAugust2021 |
||
| 655 |
_vReading book _934232 |
||
| 942 |
_2ddc _cBB |
||